LEADER 01810nam 22005293 450 001 9910131661403321 005 20200330133131.0 010 $a88-491-3240-9 035 $a(CKB)3460000000087231 035 $a(ItFiC)it 02448153 035 $a(SSID)ssj0000725082 035 $a(PQKBManifestationID)12285620 035 $a(PQKBTitleCode)TC0000725082 035 $a(PQKBWorkID)10748837 035 $a(PQKB)11384660 035 $a(EXLCZ)993460000000087231 100 $a20110322d2010 uy 0 101 0 $aita 181 $ctxt 182 $cc 183 $acr 200 03$aLa tarda antichitą tra fonti scritte e archeologiche /$fa cura di Paola Galetti ; contributi di Paola Galetti ... [et al.] 210 $aBologna $cCLUEB$d2010 215 $a105 p. $cill. ;$d21 cm 225 0 $aDPM quaderni. Dottorato / Universitįa di Bologna, Dipartimento di paleografia e medievistica La tarda antichitįa tra fonti scritte e archeologiche 225 0$aDPM quaderni.$pDottorato / Universitą di Bologna, Dipartimento di paleografia e medievistica ;$v7 300 $aUniversity lectures. 320 $aIncludes bibliographical references. 606 $aChurch history$yPrimitive and early church, ca. 30-600 606 $aRegions & Countries - Europe$2HILCC 606 $aHistory & Archaeology$2HILCC 606 $aItaly$2HILCC 607 $aRome$xHistory$yEmpire, 284-476 615 0$aChurch history 615 7$aRegions & Countries - Europe 615 7$aHistory & Archaeology 615 7$aItaly 676 $a726 676 $a945 676 $a320 676 $a709 702 $aGaletti$b Paola 801 0$bItFiC 906 $aBOOK 912 $a9910131661403321 996 $aLa tarda antichitą tra fonti scritte e archeologiche$92429882 997 $aUNINA LEADER 03330nam 2200673 450 001 9910585958903321 005 20220927154242.0 010 $a1-108-94609-7 010 $a1-108-94533-3 010 $a1-108-93403-X 035 $a(CKB)4100000012438270 035 $a(UkCbUP)CR9781108934039 035 $a(oapen)https://directory.doabooks.org/handle/20.500.12854/90959 035 $a(EXLCZ)994100000012438270 100 $a20200506d2022|||| uy 0 101 0 $aeng 135 $aur||||||||||| 181 $ctxt$2rdacontent 182 $cc$2rdamedia 183 $acr$2rdacarrier 200 10$aDecarbonising economies /$fHarriet Bulkeley [et al.] 210 $cCambridge University Press$d2022 210 1$aCambridge :$cCambridge University Press,$d2022. 215 $a1 online resource (89 pages) $cdigital, PDF file(s) 225 1 $aCambridge elements. Elements in earth system governance,$x2631-7818 300 $aTitle from publisher's bibliographic system (viewed on 28 Jan 2022). 311 1 $a1-108-92874-9 327 $aSteel Plastic Paper Meat Milk 330 $aBased on an interdisciplinary investigation of future visions, scenarios, and case-studies of low carbon innovation taking place across economic domains, Decarbonising Economies analyses the ways in which questions of agency, power, geography and materiality shape the conditions of possibility for a low carbon future. It explores how and why the challenge of changing our economies are variously ascribed to a lack of finance, a lack of technology, a lack of policy and a lack of public engagement, and shows how the realities constraining change are more fundamentally tied to the inertia of our existing high carbon society and limited visions for what a future low carbon world might become. Through showcasing the first seeds of innovation seeking to enable transformative change, Decarbonising Economies will also chart a course for future research and policy action towards our climate goals. This title is also available as Open Access on Cambridge Core. 410 0$aCambridge elements.$pElements in earth system governance,$x2631-7818. 517 0 $aDecarbonizing economies 606 $aEnergy policy$xEnvironmental aspects 606 $aClimatic changes$xEconomic aspects 606 $aCarbon dioxide mitigation$xEconomic aspects 606 $aEnvironmental policy$xEconomic aspects 610 $aenvironmental governance 610 $aenvironmental policy 610 $aenvironmental law 610 $aenvironmental politics 610 $apolitical science 610 $ainternational relations 615 0$aEnergy policy$xEnvironmental aspects. 615 0$aClimatic changes$xEconomic aspects. 615 0$aCarbon dioxide mitigation$xEconomic aspects. 615 0$aEnvironmental policy$xEconomic aspects. 676 $a333.79 700 $aBulkeley$b Harriet$f1972-$0313594 702 $aStripple$b Johannes$4auth 702 $aNilsson$b Lars J$4auth 702 $avan Veelen$b Bregje$4auth 702 $aKalfagianni$b Agni$4auth 702 $aBauer$b Fredric$4auth 702 $avan Sluisveld$b Mariėsse$4auth 801 0$bUkCbUP 801 1$bUkCbUP 906 $aBOOK 912 $a9910585958903321 996 $aDecarbonising economies$92904674 997 $aUNINA LEADER 00963nam a2200265 i 4500 001 991002628659707536 005 20020503171446.0 008 951113s1990 uk ||| | eng 020 $a1852782099 035 $ab10392191-39ule_inst 035 $aEXGIL107207$9ExL 040 $aBiblioteca Interfacoltą$bita 100 1 $aCasson, Mark <1945- >$088849 245 10$aEntrepreneurship /$cedited by Mark Casson 260 $aAldershot ; Brookfield :$bElgar,$cc1990 300 $axxi, 612 p. ;$c25 cm. 440 4$aThe international library of critical writings in economics 440 3$aAn Elgar reference collection ;$v3 650 4$aImprenditori 907 $a.b10392191$b02-04-14$c27-06-02 912 $a991002628659707536 945 $aLE002 Dir. VIII D 3$g1$i2002000484918$lle002$o-$pE0.00$q-$rl$s- $t0$u0$v0$w0$x0$y.i1045830x$z27-06-02 996 $aEntrepreneurship$9220353 997 $aUNISALENTO 998 $ale002$b01-01-95$cm$da $e-$feng$guk $h0$i1